| 000 | 00458nam a2200169Ia 4500 | ||
|---|---|---|---|
| 003 | OSt | ||
| 005 | 20260224125509.0 | ||
| 020 | _a92-9059-152-8 | ||
| 040 | _cLC | ||
| 050 | _aS 534 .D 47 2003 | ||
| 100 | _aCOE,RICHARD | ||
| 245 | 0 | _aDESIGNING PARTICIPATORY-ON FARM EXPERIMENTS RESOURCES FOR TRAINERS | |
| 260 |
_aNAIROBI, _bWORLD AGROFORESTRY CENTRE, _c2003, |
||
| 300 | _a135 P, ILL | ||
| 700 | _aFRANZEL STEVEN STEVEN, BENIEST JAN | ||
| 942 |
_cBK _2lcc |
||
| 999 |
_c201512 _d201512 |
||